ArchiCAD : De la prise en main jusqu'au traceur (notice n° 1928326)
[ vue normale ]
| 000 -LEADER | |
|---|---|
| fixed length control field | 00913cam a2200133 4500500 |
| 005 - DATE AND TIME OF LATEST TRANSACTION | |
| control field | 20260329023621.0 |
| 041 ## - LANGUAGE CODE | |
| Language code of text/sound track or separate title | fre |
| 042 ## - AUTHENTICATION CODE | |
| Authentication code | dc |
| 100 10 - MAIN ENTRY--PERSONAL NAME | |
| Personal name | Wilk, Eric |
| Relator term | author |
| 245 00 - TITLE STATEMENT | |
| Title | ArchiCAD : De la prise en main jusqu'au traceur |
| 260 ## - PUBLICATION, DISTRIBUTION, ETC. | |
| Name of publisher, distributor, etc. | Dunod,<br/> |
| Date of publication, distribution, etc. | 2005.<br/> |
| 520 ## - SUMMARY, ETC. | |
| Summary, etc. | Archicad est un logiciel d'architecture, qui talonne Autocad, actuellement leader. L'auteur s'inspire de son expérience d'enseignant et de formateur pour présenter logiquement et pratiquement Archicad. Cet ouvrage permet ainsi une prise en main progressive et complète. Chaque notion est expliquée avant d'être appliquée à des exemples concrets, issus de cas réels. Un manuel exhaustif qui couvre toutes les étapes de l'utilisation d'Archicad : de la prise en main à l'impression des plans sur traceur ou imprimante. |
| 856 41 - ELECTRONIC LOCATION AND ACCESS | |
| Uniform Resource Identifier | <a href="https://stm.cairn.info/archicad--9782100495276?lang=fr&redirect-ssocas=7080">https://stm.cairn.info/archicad--9782100495276?lang=fr&redirect-ssocas=7080</a> |
Pas d'exemplaire disponible.




Réseaux sociaux